Statistics for Cartoon By Pet

Click here to take the quiz!

General Stats

  • This quiz has been taken 42 times
  • The average score is 5 of 13

Answer Stats

HintAnswer% Correct
GarySpongebob
81%
Santa's Little HelperThe Simpsons
72%
BrianFamily Guy
66%
DinoThe Flintstones
63%
AstroThe Jetsons
56%
CourageCourage the Cowardly Dog
53%
KlausAmerican Dad
38%
Snuffles/SnowballRick and Morty
22%
SpikeRugrats
22%
SeymourFuturama
16%
LizThe Magic School Bus
13%
AngelMy Little Pony
9%
Mr. BusinessBob's Burgers
3%

Score Distribution

Percentile by Number Answered

Percent of People with Each Score

Your Score History

You have not taken this quiz